2nd International Conference On Environmental Management (Record no. 17987)

MARC details
000 -LEADER
fixed length control field 00474nam a2200157Ia 4500
008 - FIXED-LENGTH DATA ELEMENTS--GENERAL INFORMATION
fixed length control field 220803s9999 xx 000 0 und d
041 ## - LANGUAGE CODE
Language code of text/sound track or separate title eng
082 ## - DEWEY DECIMAL CLASSIFICATION NUMBER
Classification number 720.47 IST
100 ## - MAIN ENTRY--PERSONAL NAME
Personal name IST Pub.
9 (RLIN) 28398
245 ## - TITLE STATEMENT
Title 2nd International Conference On Environmental Management
260 ## - PUBLICATION, DISTRIBUTION, ETC. (IMPRINT)
Place of publication, distribution, etc. Hyderabad
Name of publisher, distributor, etc. Centre For Environment Institute Of Science And Te
Date of publication, distribution, etc. 2010
300 ## - PHYSICAL DESCRIPTION
Extent 97p
500 ## - GENERAL NOTE
Keywords Environment
650 ## - SUBJECT ADDED ENTRY--TOPICAL TERM
Topical term or geographic name as entry element Environmental Architecture
9 (RLIN) 28399
700 ## - ADDED ENTRY--PERSONAL NAME
Personal name IST Pub.
9 (RLIN) 28398
Holdings
Withdrawn status Lost status Damaged status Not for loan Home library Current library Shelving location Date acquired Total Checkouts Full call number Barcode Date last seen Bill Date Koha item type Original Barcode
        Dr. Bhanuben Nanavati College of Architecture Dr. Bhanuben Nanavati College of Architecture   07/12/2010   720.47 IST BNCA-DB-499 03/08/2022 03/08/2022 Donated Book DB000499